[Event "ASIAN CITIES CHESS CHAMPIONSHIP 2015"]
[Site "Citrus Hotel , Waskaduwa, Sri Lanka"]
[Date "2015.07.22"]
[Round "1"]
[Board "1"]
[White "Masters, Christopher"]
[Black "Suni, Syairazi"]
[Result "1-0"]
[WhiteElo "1900"]
[BlackElo "1943"]
[PlyCount "56"]
[EventDate "2015.07.22"]
[EventType "team"]
[EventRounds "9"]
[EventCountry "SRI"]
[WhiteTeam "Hong Kong, Hong Kong"]
[BlackTeam "Bandar Seri Begawan, Brunei"]

1. e4 d6 2. d4 Nf6 3. Nc3 e5 4. dxe5 dxe5 5. Qxd8+ Kxd8 6. Bg5 c6 7. O-O-O+ Ke8
8. Nf3 Nbd7 9. Bh4 Ng4 10. h3 Ngf6 11. Bg3 Bc5 12. Rd2 Nh5 13. Bxe5 Nxe5 14.
Nxe5 Be6 15. Bc4 Nf4 16. Bxe6 Nxe6 17. Rhd1 f6 18. Nd3 Bb6 19. Na4 Bc7 20. Kb1
Rd8 21. Nac5 Nxc5 22. Nxc5 Rxd2 23. Rxd2 Bf4 24. Rd7 Rg8 25. Rxb7 Bd6 26. Ne6
a5 27. c4 Be7 28. Nd4 Bc5 1-0

[Event "ASIAN CITIES CHESS CHAMPIONSHIP 2015"]
[Site "Citrus Hotel , Waskaduwa, Sri Lanka"]
[Date "2015.07.22"]
[Round "1"]
[Board "2"]
[White "Hj, Azahari Siti Nur Fatimah"]
[Black "Borigas, Edgardo"]
[Result "1-0"]
[WhiteElo "2094"]
[BlackElo "1914"]
[PlyCount "25"]
[EventDate "2015.07.22"]
[EventType "team"]
[EventRounds "9"]
[EventCountry "SRI"]
[WhiteTeam "Bandar Seri Begawan, Brunei"]
[BlackTeam "Hong Kong, Hong Kong"]

1. e4 e5 2. Nf3 Nc6 3. Nc3 Nf6 4. d4 Bb4 5. Nxe5 Nxe5 6. dxe5 Bxc3+ 7. bxc3
Nxe4 8. Qg4 Nxc3 9. Qxg7 Rf8 10. Bg5 Qxg5 11. Qxg5 h6 12. Qd2 Ne4 13. Qd5 1-0

[Event "ASIAN CITIES CHESS CHAMPIONSHIP 2015"]
[Site "Citrus Hotel , Waskaduwa, Sri Lanka"]
[Date "2015.07.22"]
[Round "1"]
[Board "3"]
[White "Lau, Lut Yin Luke"]
[Black "Kamis, Kamarunsalehin"]
[Result "1-0"]
[WhiteElo "1809"]
[BlackElo "2030"]
[PlyCount "93"]
[EventDate "2015.07.22"]
[EventType "team"]
[EventRounds "9"]
[EventCountry "SRI"]
[WhiteTeam "Hong Kong, Hong Kong"]
[BlackTeam "Bandar Seri Begawan, Brunei"]

1. e4 d6 2. Nf3 Nf6 3. Nc3 e5 4. d4 Nbd7 5. Bc4 Be7 6. O-O O-O 7. h3 a6 8. a4
b6 9. Re1 Bb7 10. Bg5 c6 11. dxe5 dxe5 12. Qe2 Qc7 13. Nh4 g6 14. Qe3 b5 15.
Bb3 Bc5 16. Qf3 Ne8 17. Bh6 Ng7 18. Nf5 Ne6 19. Bxf8 Rxf8 20. Qg3 Kh8 21. Nh6
Nf6 22. axb5 Nh5 23. b6 Bxb6 24. Qg4 Bc8 25. Bxe6 Bxe6 26. Qf3 Kg7 27. Nf5+ Kh8
28. Ne3 a5 29. Red1 Rb8 30. Na4 Bd4 31. Ra3 Qe7 32. Rad3 Qb4 33. c3 Qxa4 34.
cxd4 exd4 35. Rxd4 Qb5 36. g4 Qg5 37. h4 Qf6 38. Rd8+ Rxd8 39. Qxf6+ Nxf6 40.
Rxd8+ Kg7 41. f3 a4 42. Ra8 Bb3 43. Rc8 Nd7 44. g5 Ne5 45. f4 Nd3 46. h5 gxh5
47. Nf5+ 1-0

[Event "ASIAN CITIES CHESS CHAMPIONSHIP 2015"]
[Site "Citrus Hotel , Waskaduwa, Sri Lanka"]
[Date "2015.07.22"]
[Round "1"]
[Board "4"]
[White "Hj, Azahari Md Aliuddin"]
[Black "Borigas, Edrien Gappi"]
[Result "1-0"]
[WhiteElo "2065"]
[BlackElo "1271"]
[PlyCount "82"]
[EventDate "2015.07.22"]
[EventType "team"]
[EventRounds "9"]
[EventCountry "SRI"]
[WhiteTeam "Bandar Seri Begawan, Brunei"]
[BlackTeam "Hong Kong, Hong Kong"]

1. e4 e6 2. d4 d5 3. Nd2 Nf6 4. e5 Nfd7 5. Bd3 c5 6. c3 Nc6 7. Ne2 cxd4 8. cxd4
Qb6 9. Nf3 Bb4+ 10. Bd2 Bxd2+ 11. Qxd2 f6 12. exf6 Nxf6 13. O-O O-O 14. Rac1
Bd7 15. Rfe1 Rae8 16. Nf4 Re7 17. b3 a6 18. Bb1 Nd8 19. Nd3 Qd6 20. Nde5 Be8
21. Ng5 h6 22. Ngf3 Rc7 23. Nh4 Rxc1 24. Qxc1 Qb4 25. Qe3 Nc6 26. Nxc6 bxc6 27.
Rc1 Bf7 28. h3 Qd6 29. Ng6 Rc8 30. Ne5 Be8 31. Bd3 a5 32. Ba6 Rc7 33. Rc5 Ne4
34. Rxa5 c5 35. Bd3 cxd4 36. Qxd4 Rc1+ 37. Kh2 Nxf2 38. Qxf2 Qxe5+ 39. g3 Qc3
40. Ra8 Qxd3 41. Rxe8+ Kh7 1-0